000 01292nam a2200301Ia 4500
003 OSt
005 20201111092629.0
008 191128s2002 sp gr 001 0 spa d
020 _a8472093778
040 _aCO-JMCR
_cCO-JMCR
041 1 _aspa
_heng
082 0 4 _a320.409043 /
_bV945g
_221
100 1 _aVon Mises, Ludwig,
_eautor
_92071
245 1 0 _aGobierno omnipotente :
_ben nombre del Estado /
_cLudwig von Mises ; traducción, Pedro Elgoibar
260 _aMadrid :
_bUnión,
_c2002
300 _a414 páginas ;
_c21 cm.
490 0 _aBiblioteca Austriaca
500 _aIncluye índice de nombres.
505 0 _aEl colapso del liberalismo alemán -- Omnipotencia gubernamental -- El futuro de la ivilización occidental
520 _aEste libro ofrece una lúcida y certera interpretación de algunos de los fenómenos que más profundamente han marcado la historia contemporánea. Los análisis históricos y sociológicos de la decadencia del liberalismo.
534 _pOmnipotent government. The rise of total state and total war
546 _aTraducido del inglés.
650 1 4 _aTotalitarismo
_91765
650 1 4 _aNacionalsocialismo
_92072
650 1 4 _aSocialismo
_xIdeologias políticas
_92073
700 1 _aElgoibar, Pedro,
_etraductor
_92074
942 _2ddc
_cBK
999 _c5140
_d5140